000 00736nam a2200193Ia 4500
999 _c59371
_d59371
003 GCL
005 20240530110218.0
008 140319s9999 xx 000 0 ara d
040 _aGCL /
_cGCL
082 0 4 _aم
_b911.53
_bم ص
100 1 _a محمد بن عبدالله بمهيد النجدى
245 1 0 _aصحيح الاخبار مما فى بلاد العرب من الاثار /
_cمحمد بن عبدالله بمهيد النجدى
260 _a[S.N] :
_bدار الكتب المصرية ،
_c1951
490 _aشكاوى المصرى الفصيح
_v0
650 0 4 _aالتاريخ الاسلامى
650 0 4 _aالجغرافيا التاريخية
650 0 4 _aالاسماء الجغرافية
942 _2ddc
_cREF